Squid Game Characters Season 2 - Statistics

General Stats
  • This quiz has been taken 1,233 times
  • The average score is 14 of 19
Answer Stats
Hint Answer % Correct
Still the main character 456
98%
You still can't trust this number 001
88%
Pregnant girl who joins the main group 222
88%
Father of the above's baby; also known as MG Coin 333
88%
Son of the above in lots of debt 007
79%
Red, orange, yellow, green, he's a legend 230
78%
Old man that is 10 billion won in debt 100
77%
Ex-marine who may suffer from PTSD 388
76%
Former member of the ROK Special Forces 120
74%
Scared man who joins the two characters above for safety 125
72%
Friend of the main character that appeared in Season 1 390
72%
Minion of the above 124
71%
Old woman who joins the game for her son 149
69%
The first player to die in Season 2 because of a bee and Thanos's beauty flower 196
68%
Triangle guard that defected from North Korea 011
67%
Father of a sick child who worked at an amusement park 246
66%
Woman who believes the character above would never betray her 380
62%
Self-proclaimed shaman 044
60%
Scared, sweet woman who befriends the above 095
50%
No matching quizzes found
Score Distribution
Percent of People with Each Score
Percentile by Number Answered
Your Score History
You have not taken this quiz